| 000 | 00795nam a22002177a 4500 | ||
|---|---|---|---|
| 999 |
_c18801 _d18801 |
||
| 003 | AR-CdUCM | ||
| 008 | 190321b ||||| |||| 00| 0 spa d | ||
| 040 |
_aMUNICIPALIDAD PROVINCIAL DEL CUSCO _cBIBLIOTECA MUNICIPAL DEL CUSCO |
||
| 082 |
_a985.008 / _bD85 |
||
| 245 |
_aDocumental del Perú : _bdepartamento de La Libertad / |
||
| 260 |
_aLima : _bIOOPE, |
||
| 300 |
_a158 páginas ; _c21 cm. |
||
| 500 | _aDonación familia Nieto | ||
| 505 | _aContenido: Turismo --Folklore --Historia --Producción y desarrollo --Cultura, personajes e instituciones ... | ||
| 650 |
_aHistoria de La Libertad _939613 |
||
| 650 |
_aAgricultura y ganaderia _921673 |
||
| 650 |
_aMochica _915283 |
||
| 700 |
_aCortazar, Pedro Felipe (director) _917387 |
||
| 942 |
_2ddc _cLIBROS |
||
| 945 |
_arjall _d2019-05-15 |
||